Economía, fetichismo y religión en las sociedades primitivas /
El autor analiza en este libro las formaciones sociales de las sociedades primitivas, con la finalidad de esclarecer, desde una perspectiva marxista, las relaciones entre las estructuras sociales: para descubrir esta lógica profunda hay que ir más allá del análisis estructural de las formas de las r...
-д хадгалсан:
| Үндсэн зохиолч: | |
|---|---|
| Формат: | Ном |
| Хэл сонгох: | испани |
| Хэвлэсэн: |
México :
Siglo XXI,
1980
|
| Хэвлэл: | 3a edición |
| Цуврал: | (Antropología Siglo XXI)
|
| Нөхцлүүд: | |
| Шошгууд: |
Шошго байхгүй, Энэхүү баримтыг шошголох эхний хүн болох!
|
MARC
| LEADER | 00000nam^a2200000^a^4500 | ||
|---|---|---|---|
| 001 | 000021011 | ||
| 005 | 20250521000000.0 | ||
| 009 | 20260310084358.122 | ||
| 020 | |a 968-23-0812-7 | ||
| 037 | |a Acervo ITESO - Biblioteca | ||
| 041 | |a ESP | ||
| 082 | |a 306. 3 |b GOD | ||
| 100 | |a Godelier, Maurice |e (autor) | ||
| 245 | 1 | 0 | |a Economía, fetichismo y religión en las sociedades primitivas / |c Maurice Godelier ; tr. por Celia Amoro, Ignacio Romero de Solís. |
| 250 | |a 3a edición | ||
| 264 | 1 | |a México : |b Siglo XXI, |c 1980 | |
| 300 | |a 391 p. | ||
| 336 | |a texto |b txt |2 rdacontenido | ||
| 337 | |a sin mediación |b n |2 rdamedio | ||
| 338 | |a volumen |b nc |2 rdasoporte | ||
| 440 | 1 | |a (Antropología Siglo XXI) | |
| 520 | |a El autor analiza en este libro las formaciones sociales de las sociedades primitivas, con la finalidad de esclarecer, desde una perspectiva marxista, las relaciones entre las estructuras sociales: para descubrir esta lógica profunda hay que ir más allá del análisis estructural de las formas de las relaciones sociales y del pensamiento intentando descubrir los "efectos" de las estructuras una sobre otra, a través de los distintos procesos de la práctica social, y señalando su lugar real en la jerarquía de causas que determinan el funcionamiento y la reproducción de una formación económica y social. | ||
| 649 | |a XX | ||
| 650 | |a Sociedad Primitiva | ||
| 650 | |a Sociedad Primitiva | ||
| 650 | |a Sociedad Primitiva | ||
| 910 | |a Fondo General | ||
| 920 | |a Impresos - Libros | ||
| 930 | |a Colección General | ||
| 905 | |a 101 | ||
| 901 | |a 0210110100 |b IT1 |c ACC |i 021011 |u 20250521 | ||
| 902 | |a https://opac.biblio.iteso.mx/vufind/Record/000021011 | ||